000 00844nam a2200313Ia 4500
001 Z_2600
003 CHAP
008 220113s1992 xx 000 0 und d
010 _a165660
040 _cCHAP
082 _a581.1 V3
100 _aValle Florencia, Herbert del
_9139591
245 _aPrácticas de relaciones agua-suelo-planta-atmósfera /
_cpor Herbert del Valle Florencia
260 _aChapingo, Méx. :
_bUACH,
_c1992
300 _a167 p. :
_bilus.
440 _a
500 _a
503 _a
650 _aAgua para irrigación I. UACH II. t.
_9139592
650 _aRelación agua
_xsuelo
_xplanta
_9138131
650 _aRelación atmósfera
_xsuelo
_xplanta
_9138132
650 _aSuelos
_xHúmedad
_9110391
901 _a581.1 V3
902 _aA
910 _a1992
942 _c1
942 _cc1
999 _c165660
_d165660